Renewable energy systems : (Record no. 600639)

000 -LEADER
fixed length control field 00316nam a2200121Ia 4500
008 - FIXED-LENGTH DATA ELEMENTS--GENERAL INFORMATION
fixed length control field 230907s9999||||xx |||||||||||||| ||und||
082 ## - DEWEY DECIMAL CLASSIFICATION NUMBER
Classification number 621.042
Author Mark JEN
100 ## - MAIN ENTRY--PERSONAL NAME
Personal name Jenkins, Dilwyn.
9 (RLIN) 115976
245 #0 - TITLE STATEMENT
Title Renewable energy systems :
260 ## - PUBLICATION, DISTRIBUTION, ETC.
Place of publication, distribution, etc. Earthscan,
Name of publisher, distributor, etc. New York :
Date of publication, distribution, etc. 2013
300 ## - PHYSICAL DESCRIPTION
Extent xv, 241 p. :
942 ## - ADDED ENTRY ELEMENTS (KOHA)
Koha item type Book
Holdings
Withdrawn status Lost status Damaged status Not for loan Permanent Location Current Location Date acquired Total Checkouts Full call number Barcode Date last seen Price effective from Koha item type
        US-Pakistan Center for Advanced Studies in Energy (USPCAS-E) US-Pakistan Center for Advanced Studies in Energy (USPCAS-E) 09/26/2019   621.042 JEN CAS-E0004738 09/12/2023 09/12/2023 Book
© 2023 Central Library, National University of Sciences and Technology. All Rights Reserved.